000 00923nas a2200337 4500
001 BR9511158
003 BR-BrBNA
005 20231205094821.0
007 ta
008 230509b bl.|||p| |||| 00| 00por d
040 _aBR-BrBNA
_bpor
_cBiblioteca Nacional de Agricultura
041 _a(Pt)
072 _aF04; F61
100 1 _aSilva, N.M. da
100 1 _aCarvalho, L.H.
100 1 _aCantarella, H.
100 1 _aBataglia, O.C.
100 1 _aKondo, J.I.
100 1 _aSabino, J.C.
100 1 _aBortoletto, N.
245 1 _aUso de sulfato de amonio e de ureia na adubacao do algodoeiro
650 _aAlgodao
650 _aSulfato de Amonia
650 _aUreia
650 _aAdubacao
650 _aAnalise Foliar
650 _aSao Paulo
773 0 _tBragantia (Brazil)
_xISSN 0006-8705
_g(1993), v. 52(1) p. 69-81
_wBR9511158
909 _a202311
_bLúcia
_c55
_dLúcia Elande
942 _2AGRIS
_n0
_cANA
999 _c147044
_d147044